000 00744nam a22002177a 4500
003 UA-OsUOA
001 96473
007 ta
008 20130319b un ||||| |||| 00| 0 ukr d
100 _aЯмчук П.
090 _a94(477)
_bЯ58
942 _cSA
040 _aUA-OsUOA
_bukr
_cUA-OsUOA
_dUA-OsUOA
245 _aУкраїнський духовно-буттєвий контекст доби радикального постпросвітництва в інтерпритації провідних митців-мислителів 1910-1920-х років
300 _aС.127-136
955 _a0
041 _aukr
080 _a94(477)
773 0 _w96462
650 7 _a9 Географія. Біографії. Історія
_2UDC
999 _c382732
_d382732